Educación reproductiva y paternidad responsable en el Istmo Centroamericano /
Salvato in:
| Enti autori: | , |
|---|---|
| Natura: | testo |
| Pubblicazione: |
México, D.F:
UNFIP. CEPAL. ONU
|
| Tags: |
Aggiungi Tag
Nessun Tag, puoi essere il primo ad aggiungerne!!
|
MARC
| LEADER | 00000 a a2200000 04500 | ||
|---|---|---|---|
| 001 | 28686 | ||
| 003 | |||
| 040 | |||
| 090 | |a 183102 | ||
| 110 | |a Fondo de las Naciones Unidas para las Contribuciones Económicas para América Latina y el Caribe | ||
| 245 | |a Educación reproductiva y paternidad responsable en el Istmo Centroamericano / |c Fondo de las Naciones Unidas para las Contribuciones Económicas para América Latina y el Caribe | ||
| 260 | |a México, D.F: |b UNFIP. CEPAL. ONU | ||
| 300 | |a 45O p | ||
| 710 | |a UNFIP |a CEPAL | ||
| 999 | |c 13067 |d 13067 | ||
